Online Catalogue and eLibrary

Sri Lankan Culture: (Record no. 247)

MARC details
000 -LEADER
fixed length control field 00416nam a22001337a 4500
005 - DATE AND TIME OF LATEST TRANSACTION
control field 20240130060918.0
008 - FIXED-LENGTH DATA ELEMENTS--GENERAL INFORMATION
fixed length control field 240130b |||||||| |||| 00| 0 eng d
082 ## - DDC Classification
DDC Edition Number 22
Class No. 305.8
245 ## - TITLE STATEMENT
Title Sri Lankan Culture:
Remainder of title A Symposium /
Statement of responsibility, etc. Department of Hindu religious & cultural affairs.
260 ## - PUBLICATION, DISTRIBUTION, ETC.
Place of publication, distribution, etc. Sri Lanka:
Name of publisher, distributor, etc. Department of Hindu religious & cultural affairs.,
Date of publication, distribution, etc. 1991.
300 ## - PHYSICAL DESCRIPTION
Extent (e.g. Volumes, Pages etc.) 85 p.,
650 ## - SUBJECT ADDED ENTRY--TOPICAL TERM
Topical term or geographic name entry element cultural.
942 ## - Koha item type (Biblio)
Koha item type Books in Stacks (Lending)
Holdings
Lost status Damaged status Collection code Home library Current library Date acquired Full call number Accession Number Item type
    Lending WERC Library WERC Library 01/30/2024 305.8 1425 Books in Stacks (Lending)

© WERC Library